UEFA Members Quiz - Statistics

General Stats
  • This quiz has been taken 496 times
  • The average score is 51 of 55
Answer Stats
Code Association UEFA % Correct
ENG UEFA England
98%
FRA UEFA France
98%
ESP UEFA Spain
98%
BEL UEFA Belgium
97%
RUS UEFA Russia
97%
DEN UEFA Denmark
96%
FIN UEFA Finland
96%
GER UEFA Germany
96%
POR UEFA Portugal
96%
IRL UEFA Republic of Ireland
96%
SCO UEFA Scotland
96%
SVK UEFA Slovakia
96%
SWE UEFA Sweden
96%
WAL UEFA Wales
96%
ITA UEFA Italy
95%
NED UEFA Netherlands
95%
POL UEFA Poland
95%
AUT UEFA Austria
94%
GRE UEFA Greece
94%
ISL UEFA Iceland
94%
NOR UEFA Norway
94%
ROU UEFA Romania
94%
SRB UEFA Serbia
94%
SVN UEFA Slovenia
94%
UKR UEFA Ukraine
94%
ALB UEFA Albania
93%
AND UEFA Andorra
93%
CRO UEFA Croatia
93%
CZE UEFA Czech Republic
93%
EST UEFA Estonia
93%
HUN UEFA Hungary
93%
LVA UEFA Latvia
93%
LTU UEFA Lithuania
92%
LUX UEFA Luxembourg
92%
NIR UEFA Northern Ireland
92%
SMR UEFA San Marino
92%
TUR UEFA Turkey
92%
BUL UEFA Bulgaria
91%
MLT UEFA Malta
91%
SUI UEFA Switzerland
91%
BLR UEFA Belarus
90%
BIH UEFA Bosnia and Herzegovina
90%
LIE UEFA Liechtenstein
89%
MKD UEFA North Macedonia
89%
CYP UEFA Cyprus
88%
KVX UEFA Kosovo
88%
ARM UEFA Armenia
87%
GEO UEFA Georgia
87%
AZE UEFA Azerbaijan
86%
MDA UEFA Moldova
85%
MNE UEFA Montenegro
85%
ISR UEFA Israel
83%
KAZ UEFA Kazakhstan
82%
GIB UEFA Gibraltar
78%
FRO UEFA Faroe Islands
77%
No matching quizzes found
Score Distribution
Percent of People with Each Score
Percentile by Number Answered
Your Score History
You have not taken this quiz